| 000 | 00866nam a22002651 4500 | ||
|---|---|---|---|
| 001 | 20086 | ||
| 003 | BD-RjUL | ||
| 005 | 20211209000522.0 | ||
| 008 | 140226s1947 enko b 000 1beng d | ||
| 035 | _a(BD-RjUL)20148 | ||
| 035 | _a(OCoLC)813101 | ||
| 040 |
_aBrown Univ. Library _cOKentU _dOCoLC _dTNJ _dDLC _dBD-RjUL _beng |
||
| 041 | _aeng | ||
| 082 | 0 | 4 |
_a821.4 _bSWJ V-1 1947 |
| 100 | 1 |
_aSwift, Jonathan, _d1667-1745. _961845 |
|
| 245 | 1 | 0 |
_aJournal to Stella / _cJonathan Swift. ed. by Harold Williams. _nVolume 1 |
| 260 |
_aOxford : _bClarendon Press, _c1947. |
||
| 300 |
_alxii, 368 p. ; _bill.; _c23 cm. |
||
| 504 | _aIncludes bibliographical references. | ||
| 600 | 1 | 0 |
_aJohnson, Esther, _d1681-1728. _961846 |
| 700 | 1 |
_aWilliams, Harold Herbert, _cSir, _d1880-1964, _eed. _961847 |
|
| 942 |
_2ddc _cBK |
||
| 999 |
_c20086 _d20086 |
||